Tool design (Record no. 22370)

000 -LEADER
fixed length control field 00551nam a2200217 i 4500
001 - CONTROL NUMBER
control field 22370
003 - CONTROL NUMBER IDENTIFIER
control field BD-DhUET
008 - FIXED-LENGTH DATA ELEMENTS--GENERAL INFORMATION
fixed length control field 751112s1976 vaua 001 0 eng
020 ## - INTERNATIONAL STANDARD BOOK NUMBER
International Standard Book Number 0879098406
040 ## - CATALOGING SOURCE
Original cataloging agency DLC
Transcribing agency DLC
Modifying agency BD-DhUET
082 ## - DEWEY DECIMAL CLASSIFICATION NUMBER
Classification number 621.9
Item number POL/1976
100 1# - MAIN ENTRY--PERSONAL NAME
Personal name Pollack, Herman W.
245 10 - TITLE STATEMENT
Title Tool design
250 ## - EDITION STATEMENT
Edition statement 1st ed.
260 ## - PUBLICATION, DISTRIBUTION, ETC. (IMPRINT)
Place of publication, distribution, etc. Reston
Name of publisher, distributor, etc. Reston Publishing
Date of publication, distribution, etc. 1976
300 ## - PHYSICAL DESCRIPTION
Extent xii, 544 p.
Other physical details ill.
Dimensions 24 cm.
504 ## - BIBLIOGRAPHY, ETC. NOTE
Bibliography, etc Includes bibliographies
650 #0 - SUBJECT ADDED ENTRY--TOPICAL TERM
Topical term or geographic name as entry element Metal-cutting tools
650 #0 - SUBJECT ADDED ENTRY--TOPICAL TERM
Topical term or geographic name as entry element Jigs and fixtures
942 ## - ADDED ENTRY ELEMENTS (KOHA)
Koha item type General Book
Holdings
Date acquired Source of classification or shelving scheme Koha date last seen Koha normalized classification for sorting Price effective from Lost status Sublocation or collection (holding branch) Not for loan Koha full call number Koha item type Shelving location Piece designation (barcode) Location (home branch) Copy number Damaged status Withdrawn status
2015-04-26 2015-04-26621_900000000000000_POL_19762015-04-26 Central Library, BUET 621.9/POL/1976General BookCirculation section67759Central Library, BUET1  
2015-04-26 2015-04-26621_900000000000000_POL_19762015-04-26 Central Library, BUET 621.9/POL/1976General BookCirculation section67758Central Library, BUET2  
2015-04-26 2015-04-26621_900000000000000_POL_19762015-04-26 Central Library, BUET 621.9/POL/1976General BookCirculation section67757Central Library, BUET3  
2015-04-26 2015-04-26621_900000000000000_POL_19762015-04-26 Central Library, BUET 621.9/POL/1976General BookCirculation section67761Central Library, BUET4  
2015-04-26 2015-04-26621_900000000000000_POL_19762015-04-26 Central Library, BUET 621.9/POL/1976General BookCirculation section67760Central Library, BUET5